3-Syllable U.S. States Quiz - Statistics

General Stats
  • This quiz has been taken 350 times
  • The average score is 20 of 23
Answer Stats
State % Correct
Florida
97%
Alaska
94%
Illinois
93%
Arkansas
92%
Michigan
91%
Idaho
90%
Wyoming
90%
Kentucky
89%
Washington
89%
Delaware
87%
Tennessee
87%
Missouri
86%
Montana
86%
Nevada
86%
Maryland
85%
Ohio
85%
Wisconsin
85%
Virginia
84%
Nebraska
83%
New Hampshire
83%
New Jersey
83%
Iowa
82%
Rhode Island
81%
No matching quizzes found
Score Distribution
Percent of People with Each Score
Percentile by Number Answered
Your Score History
You have not taken this quiz